| 000 | 00718cam a22002533a 4500 | ||
|---|---|---|---|
| 001 | 16573 | ||
| 003 | PGUSA | ||
| 005 | 20140828083343.0 | ||
| 008 | 050821s2005||||xxu|||||s|||||000 1 eng d | ||
| 040 |
_aPGUSA _beng |
||
| 042 | _adc | ||
| 050 | 4 | _aPS | |
| 100 | 1 |
_aLynde, Francis, _d1856-1930 |
|
| 245 | 1 | 4 |
_aThe Honorable Senator Sage-Brush _h[electronic resource] / _cFrancis Lynde |
| 260 |
_bProject Gutenberg, _c2005 |
||
| 506 | _aPublic domain in the USA. | ||
| 516 | _aElectronic text | ||
| 653 | _aWest (U.S.) -- Fiction | ||
| 653 | _aPolitical fiction | ||
| 653 | _aFathers and sons -- Fiction | ||
| 830 | 0 |
_aProject Gutenberg _v16573 |
|
| 856 | 4 | 0 | _uhttp://www.gutenberg.org/ebooks/16573 |
| 942 | _cEB | ||
| 999 |
_c245828 _d245828 |
||